Movies Quiz

Random Movies or Star Wars Quiz

Harry Potter or Luke Skywalker? Quiz Stats

Quiz Updated Jan 7, 2015

Challenge
Share
Tweet
Embed
Score 0/20 Timer 04:00
0 Plays Today
Film Fact H or L % Correct
Father was excellent flyer (on brooms)???
91.5%
Wise bearded teacher wore glasses???
90.4%
Mentored by small, big-eared character who 'mastered' the force???
89.4%
Is awarded medal for services to the rebellion???
89%
Female friend was raised by Senator???
88.1%
Helped by huge furry thing from Kashyyyk???
88.1%
Aunt & uncle raised him on a farm???
87.9%
Saw ghostly vision of dead father & mother???
87.7%
Kisses best friend's sister???
87.5%
Evil minions wore white masks and body armor???
87.2%
Film Fact H or L % Correct
Mother died birthing hero???
85%
Helps kill slimy creature on sail barge???
84.4%
Short levitation teacher was human (w/a dash of goblin)???
84.2%
Nemesis: Wears all black, no hair, no nose???
81.7%
Is nearly killed by large, dumb beast in the loo???
81.5%
Discovers that bad guy killed his father???
78.3%
Weapon: hand-held, 11'' long???
75.4%
Best friend has 3 letter name, flies Anglia???
74.8%
Uncle didn't want him to go to Academy???
55.3%
Sees bad guy's hand chopped off by bad guy???
53.6%

You're not logged in!

Compare scores with friends on all Sporcle quizzes.
Join for Free
OR
Log In

You Might Also Like...

Show Comments

Extras

Top Quizzes Today


Score Distribution

Your Account Isn't Verified!

In order to create a playlist on Sporcle, you need to verify the email address you used during registration. Go to your Sporcle Settings to finish the process.

Report this User

Report this user for behavior that violates our Community Guidelines.

Details: